| 000 | 00524nam a2200181Ia 4500 | ||
|---|---|---|---|
| 008 | 240729s9999 xx 000 0 und d | ||
| 022 | _a2249-9539 | ||
| 245 | 0 | _aJournal of Obstetric Anaesthesia and Critical Care | |
| 260 | _aIndia | ||
| 260 | _bWolters Kluwer Medknow Publications | ||
| 650 | _a Anesthesiology | Medicine | ||
| 650 | _a Gynecology and obstetrics | ||
| 650 | _a Surgery | ||
| 650 | _aMedicine | ||
| 856 | _uhttps://doaj.org/toc/72daa18efb6642a99d4e88eb1f34064a | ||
| 942 | _2ddc | ||
| 942 | _cDOAJEJ | ||
| 999 |
_c70254 _d70254 |
||
| 945 |
_a1 _bMadushi Gamage _c1 _dMadushi Gamage |
||